Job differentiation vs. unemployment

Vplyv minimálnej mzdy a dávok v nezamestnanosti na pracovnú diferenciáciu, nezamestnanosť a produktivitu.

Na minha lista:
Detalhes bibliográficos
Autor principal: Amine, Samir
Formato: Capítulo de Livro
Idioma:inglês
Assuntos:
Tags: Adicionar Tag
Sem tags, seja o primeiro a adicionar uma tag!

MARC

LEADER 00000naa a2200000 4500
001 0174403
005 20231129091909.7
041 0 |a eng 
044 |a CZ 
245 1 0 |a Job differentiation vs. unemployment  |c Samir Amine 
520 |a Vplyv minimálnej mzdy a dávok v nezamestnanosti na pracovnú diferenciáciu, nezamestnanosť a produktivitu. 
610 2 0 |a trh práce 
610 2 0 |a nezamestnanosť 
610 2 0 |a produktivita 
610 2 0 |a práca 
610 2 0 |a mzdy minimálne 
610 2 0 |a dávky 
100 1 |a Amine, Samir